000
00257nam a22001097a 4500
008
170126b xxu||||| |||| 00| 0 eng d
020
_a
9780070242685
041
_a
eng
080
_2
4TH
_a
61
245
_a
PRIMER OF BIOSTATISTICS
_c
GLANTZ, S.A
942
_2
udc
_c
BK
999
_c
3738
_d
3738